Signal processing and linear systems (Record no. 1319)

000 -LEADER
fixed length control field 00543nam a2200205 a 4500
001 - CONTROL NUMBER
control field 1319
003 - CONTROL NUMBER IDENTIFIER
control field BD-DhUET
008 - FIXED-LENGTH DATA ELEMENTS--GENERAL INFORMATION
fixed length control field 980109s1998 caua b 001 0 eng
020 ## - INTERNATIONAL STANDARD BOOK NUMBER
International Standard Book Number 0941413357
040 ## - CATALOGING SOURCE
Original cataloging agency DLC
Transcribing agency DLC
Modifying agency BD-DhUET
082 00 - DEWEY DECIMAL CLASSIFICATION NUMBER
Classification number 623.22
Item number LAT/1998
100 ## - MAIN ENTRY--PERSONAL NAME
Personal name Lathi B. P.
245 10 - TITLE STATEMENT
Title Signal processing and linear systems
250 ## - EDITION STATEMENT
Edition statement 1st ed
260 ## - PUBLICATION, DISTRIBUTION, ETC. (IMPRINT)
Place of publication, distribution, etc. New York
Name of publisher, distributor, etc. Oxford University Press
Date of publication, distribution, etc. 1998
300 ## - PHYSICAL DESCRIPTION
Extent x, 850 p.
Other physical details ill.
Dimensions 24 cm.
504 ## - BIBLIOGRAPHY, ETC. NOTE
Bibliography, etc Includes bibliographies
650 #0 - SUBJECT ADDED ENTRY--TOPICAL TERM
Topical term or geographic name as entry element Digital signal processing
942 ## - ADDED ENTRY ELEMENTS (KOHA)
Koha item type General Book
Holdings
Koha full call number Lost status Date acquired Location (home branch) Koha normalized classification for sorting Not for loan Withdrawn status Copy number Koha date last borrowed Koha issues (times borrowed) Price effective from Koha date last seen Source of classification or shelving scheme Koha item type Piece designation (barcode) Shelving location Damaged status Sublocation or collection (holding branch) Koha renewals
623.22/LAT/1998 2014-09-03Central Library, BUET623_000000000000000_22LAT1998  1  2014-09-032019-09-14 General Book103856Circulation section Central Library, BUET2
623.22/LAT/1998 2014-09-03Central Library, BUET623_000000000000000_22LAT1998  2  2014-09-032014-09-03 General Book103857Circulation section Central Library, BUET 
623.22/LAT/1998 2014-09-03Central Library, BUET623_220000000000000_LAT_1998  32015-06-1312014-09-032017-08-19 General Book103859Circulation section Central Library, BUET 
623.22/LAT/1998 2014-09-03Central Library, BUET623_000000000000000_22LAT1998  42015-10-2012014-09-032017-01-08 General Book103860Circulation section Central Library, BUET 
623.22/LAT/1998 2014-09-03Central Library, BUET623_000000000000000_22LAT1998  52015-05-2512014-09-032017-04-11 General Book103863Circulation section Central Library, BUET 
623.22/LAT/1998 2014-09-03Central Library, BUET623_000000000000000_22LAT1998  62015-05-2512014-09-032017-06-13 General Book103864Circulation section Central Library, BUET 
623.22/LAT/1998 2014-09-03Central Library, BUET623_000000000000000_22LAT1998  7  2014-09-032017-08-20 General Book103865Circulation section Central Library, BUET 
623.22/LAT/1998 2014-11-18Central Library, BUET623_000000000000000_22LAT1998  8  2014-11-182017-10-10 General Book103858Circulation section Central Library, BUET 
623.22 LAT/1998 2014-12-02Central Library, BUET623_220000000000000_LAT1998  92017-04-1812014-12-022017-05-31 General Book103861Circulation section Central Library, BUET 
623.22/LAT/1998 2015-06-03Central Library, BUET623_220000000000000_LAT_1998  10  2015-06-032017-02-06 General Book100035Circulation section Central Library, BUET2
623.22/LAT/1998 2007-05-28Central Library, BUET623_220000000000000_LAT_1998  112025-09-0722017-10-312025-09-17 General Book103862Circulation section Central Library, BUET